|
|
|
|
| LEADER |
00000cam a2200000 a 4500 |
| 001 |
vtls008401781 |
| 003 |
SK-MaSNL |
| 005 |
20260302053023.0 |
| 008 |
180812s1926 xo grn 000 0 slo |
| 015 |
|
|
|a SNBA19191938-012967
|
| 020 |
|
|
|q (brožované)
|
| 035 |
|
|
|a SK01SNKBSKHR20020093998
|
| 035 |
|
|
|a SKM000096461
|
| 040 |
|
|
|a SNK
|b slo
|c SNK
|e AACR2
|
| 041 |
1 |
|
|a slo
|h lat
|
| 043 |
|
|
|a e------
|a ff-----
|a aw-----
|
| 044 |
|
|
|a xo
|c SK
|
| 072 |
|
7 |
|a 821.14'02.09
|x Grécka antická literatúra (o nej)
|2 konspekt
|
| 072 |
|
7 |
|a 821.124.09
|x Latinská literatúra, latinsky písaná (o nej)
|2 konspekt
|
| 080 |
|
|
|a (37)
|2 2011
|
| 080 |
|
|
|a (0:82-4)
|2 2011
|
| 080 |
|
|
|a 821.14'02
|2 2001
|
| 080 |
|
|
|a 821.124'01
|2 2001
|
| 100 |
1 |
|
|a Tacitus, Publius Cornelius,
|d okolo 55-okolo 120
|4 aut
|9 130850
|
| 245 |
1 |
0 |
|a Letopisy
|b (annales)
|c Cor. Tacitus ; založil a poriada Gustav Erhart ; poslovenčil Frant. Kašpar
|
| 260 |
|
|
|a Ružomberok
|b Lev
|c 1926
|
| 300 |
|
|
|a 284 strán
|c 23 cm
|
| 490 |
1 |
|
|a Knižnica klasikov gréckych a rímskych
|v č. 1
|
| 500 |
|
|
|a Rozložený titulný list. Ilustrácie na rozloženom titulnom liste. Poznámky pod čiarou. Poznámka na strane 284
|
| 500 |
|
|
|a Preložené z latinčiny
|
| 500 |
|
|
|a Obsahuje biografické údaje o Tacitovi
|
| 500 |
|
|
|a Obsahuje 16 kapitol
|
| 504 |
|
|
|a Obsahuje bibliografické odkazy
|
| 650 |
0 |
7 |
|a grécka antická literatúra
|2 SNKPH
|9 64066
|
| 650 |
0 |
7 |
|a latinská staroveká literatúra
|2 SNKPH
|9 67757
|
| 651 |
|
7 |
|a Rímska ríša
|2 SNKPHgeo
|9 212347
|
| 655 |
|
7 |
|a úvahy
|2 SNKPH
|9 29403
|
| 655 |
|
7 |
|a letopisy
|2 SNKPH
|9 30428
|
| 700 |
1 |
|
|a Erhart, Gustav,
|d 1886-1942
|4 aut
|4 com
|9 183752
|
| 700 |
1 |
|
|a Kašpar, František
|4 trl
|9 291138
|
| 740 |
0 |
2 |
|a Kniha prvá
|
| 740 |
0 |
2 |
|a Kniha druhá
|
| 740 |
0 |
2 |
|a Kniha tretia
|
| 740 |
0 |
2 |
|a Kniha štvrtá
|
| 740 |
0 |
2 |
|a Kniha piata
|
| 740 |
0 |
2 |
|a Kniha šiesta
|
| 740 |
0 |
2 |
|a Kniha siedma
|
| 740 |
0 |
2 |
|a Kniha ôsma
|
| 740 |
0 |
2 |
|a Kniha deviata
|
| 740 |
0 |
2 |
|a Kniha desiata
|
| 740 |
0 |
2 |
|a Kniha jedenásta
|
| 740 |
0 |
2 |
|a Kniha dvanásta
|
| 740 |
0 |
2 |
|a Kniha trinásta
|
| 740 |
0 |
2 |
|a Kniha štrnásta
|
| 740 |
0 |
2 |
|a Kniha pätnásta
|
| 740 |
0 |
2 |
|a Kniha šestnásta
|
| 830 |
|
0 |
|a Knižnica klasikov gréckych a rímskych
|9 710499
|
| 852 |
|
|
|a Slovenská národná knižnica
|
| 954 |
|
|
|a odborná, vedecká literatúra cudzojazyčná (svetová)
|2 lita
|
| 958 |
|
|
|a RK
|
| 958 |
|
|
|a TL
|
| 958 |
|
|
|a OND
|
| 958 |
|
|
|a OP
|
| 958 |
|
|
|a LX
|
| 958 |
|
|
|a NB
|
| 999 |
|
|
|c 1107708
|d 1109638
|
| 952 |
|
|
|a SNK
|b SNK
|y PREZ
|7 0
|p 17A0714472
|o snkSC 406/1
|i snk1101/28
|0 0
|1 0
|4 0
|d 2024-02-14
|f 1
|l 0
|r 2025-05-27 00:00:00
|w 2026-02-24
|
| 952 |
|
|
|a SNK
|b SNK
|y VYP
|7 0
|p 17A0459312
|o snkSC 406/1 D1
|i snkD 1958/62
|8 1
|0 0
|1 0
|4 0
|d 2012-01-14
|l 0
|r 2026-02-24 17:50:55
|w 2026-02-24
|